O barba azul (Registo nº 1966)

Detalhes MARC
000 -Etiqueta do registo
Cabeçalho 00998nam a22003251 4500
005 - Identificador da versão
Campo de controlo 20240813121921.0
095 ## -
-- PTBN00361892
010 ## - Número internacional normalizado dos livros (ISBN)
Número (ISBN) 9724301842
021 ## - Número do Depósito Legal
Código do país PT
Número 51806/91
100 ## - Dados gerais de processamento
Dados gerais de processamento 20070618d1992 c y0pory5003 ba
102 ## - Pais de publicação ou produção
País de publicação Portugal
101 1# - Língua de publicação
Língua do texto, banda sonora, etc. Português
106 ## - Campo de dados codificados: material textual
Dados codificados do material textual r
105 ## - Campo de dados codificados: livros
Dados codificados dos livros a z 000fy
215 ## - Descrição física 
Indicação específica da natureza do documento e extensão da espécie [27] p.
Outras indicações físicas muito il.
Dimensões 20 cm
200 1# - Titulo e menção de responsabilidade
Título próprio O barba azul
Primeira menção de responsabilidade história de Charles Perrault
Outras menções de responsabilidade il. Montserrat Tobella
-- adapt. Daniel Marques Ferreira, trad. Ana Paula Pinto
225 2# - Colecção 
Título próprio da colecção Contos de sempre
Indicação de volume 13
210 ## - Publicação, Distribuição, etc. 
Lugar da edição, distribuição, etc. Porto
Nome do editor, distribuidor, etc. Edinter
Data da publicação, distribuição, etc. 1992
606 ## - Nome comum usado como assunto
Número de registo de entrada de autoridade 0000001
Palavra de ordem Literatura estrangeira infantil
Subdivisão de assunto Conto
675 ## - Classificação Decimal Universal (CDU)
Notação 82-34
Edição
Língua da edição por
702 #1 - Nome de autor-pessoa física (responsabilidade secundária)
Número de registo de entrada de autoridade 0000609
Palavra de ordem Tobella
Outra parte do nome não tomada para palavra de ordem Montserrat
Código de função Ilustrador / Técnico de desenho computorizado
Número de registo de entrada de autoridade 0000610
Palavra de ordem Ferreira
Outra parte do nome não tomada para palavra de ordem Daniel Marques
Código de função Adaptador
Número de registo de entrada de autoridade 0000608
Palavra de ordem Pinto
Outra parte do nome não tomada para palavra de ordem Ana Paula
Código de função Tradutor
700 #1 - Nome de autor-pessoa física (responsabilidade principal)
Número de registo de entrada de autoridade 0000048
Palavra de ordem Perrault
Outra parte do nome não tomada para palavra de ordem Charles
Datas 1628-1703
942 ## - Elementos de entrada adicionados (Koha)
Tipo de item no Koha Livro
Exemplares
Situação do levantamento Origin of item (home branch) (coded) Biblioteca de empréstimo Código de barras Cota Circulation type (not for loan) Tipo de documento Nota do exemplar Damaged status
  Biblioteca Escolar da Coca Maravilhas Biblioteca Escolar da Coca Maravilhas BECM1690/93 8EST CON   Livro Sem mensagem  
  Biblioteca Escolar da Coca Maravilhas Biblioteca Escolar da Coca Maravilhas BECM6153/03 8EST CON   Livro Sem mensagem